Bezpečné Slovensko a Európska únia 13. medzinárodná vedecká konferencia : recenzovaný zborník príspevkov z konferencie : 14.-15. november 2019, Košice, Slovensko
| Corporate Author: | |
|---|---|
| Other Authors: | , |
| Format: | Conference Proceeding Book |
| Language: | Slovak Czech English Polish |
| PhysicalDescription: | 368 strán fotografie, grafy, mapy, schémy, tabuľky 24 cm |
| Published: |
Košice
Vysoká škola bezpečnostného manažérstva v Košiciach
2019
|
| ISBN: | 9788081850363 |
| Edition: | Vydanie prvé |
| Subjects: |
MARC
| LEADER | 00000cam a2200000 4500 | ||
|---|---|---|---|
| 001 | vtls012061033 | ||
| 003 | SK-MaSNL | ||
| 005 | 20260425224426.0 | ||
| 008 | 210707s2019 xo dkbogrn 100 0 slo | ||
| 015 | |a SNBA2022/2 | ||
| 020 | |a 9788081850363 |q (brožované) | ||
| 040 | |a SNK |b slo |c SNK |e rda | ||
| 041 | 0 | |a slo |a cze |a eng |a pol |b eng |b slo | |
| 043 | |a e-xo--- |a e------ | ||
| 044 | |a xo |c SK | ||
| 072 | 7 | |a 355/359 |x Vojenstvo. Obrana krajiny. Ozbrojené sily |2 konspekt | |
| 080 | |a 355.02 |2 2011 | ||
| 080 | |a 005.934 |2 2011 | ||
| 080 | |a 005.931 |2 2011 | ||
| 080 | |a 323.28:343.851 |2 2011 | ||
| 080 | |a (4) |2 2011 | ||
| 080 | |a (437.6) |2 2011 | ||
| 080 | |a (062.534) |2 2011 | ||
| 080 | |a (0.034.44) |2 2011 | ||
| 111 | 2 | |a Bezpečné Slovensko a Európska únia |n (13. : |d 2019 : |c Košice, Slovensko) |4 aut |9 369032 | |
| 245 | 1 | 0 | |a Bezpečné Slovensko a Európska únia |b 13. medzinárodná vedecká konferencia : recenzovaný zborník príspevkov z konferencie : 14.-15. november 2019, Košice, Slovensko |c editor: Peter Lošonczi, Dávid Varga |
| 246 | 3 | 3 | |a 13. medzinárodná vedecká konferencia Bezpečné Slovensko a Európska únia |
| 246 | 3 | 1 | |a 13th international scientific conference Secure Slovakia and European Union |
| 246 | 3 | 1 | |a Secure Slovakia and European Union |b 13th international scientific conference : reviewed conference proceedings : 14.-15. november 2019, Košice, Slovensko |
| 246 | 3 | 0 | |a Recenzovaný zborník príspevkov z konferencie : 14.-15. november 2019, Košice, Slovensko |
| 246 | 3 | 1 | |a Reviewed conference proceedings : 14.-15. november 2019, Košice, Slovensko |
| 250 | |a Vydanie prvé | ||
| 264 | 1 | |a Košice |b Vysoká škola bezpečnostného manažérstva v Košiciach |c 2019 | |
| 300 | |a 368 strán |b fotografie, grafy, mapy, schémy, tabuľky |c 24 cm | ||
| 336 | |a text |b txt |2 rdacontent | ||
| 337 | |a bez média |b n |2 rdamedia | ||
| 338 | |a zväzok |b nc |2 rdacarrier | ||
| 366 | |e 150 kusov | ||
| 504 | |a Obsahuje bibliografie ; bibliografické odkazy | ||
| 546 | |a Súbežné názvy príspevkov v angličtine a slovenčine ; text čiastočne v angličtine, češtine a v poľštine ; anglické a slovenské abstrakty | ||
| 610 | 2 | 7 | |a Európska únia |2 SNKKA |9 29861 |
| 610 | 2 | 7 | |a European Union |2 SNKKAeng |9 274765 |
| 650 | 0 | 7 | |a bezpečnostná politika |2 SNKPH |9 1647 |
| 650 | 0 | 7 | |a bezpečnostný manažment |2 SNKPH |9 927 |
| 650 | 0 | 7 | |a krízový manažment |2 SNKPH |9 4171 |
| 650 | 0 | 7 | |a národná bezpečnosť |2 SNKPH |9 78003 |
| 650 | 0 | 7 | |a kriminalistika |2 SNKPH |9 1688 |
| 650 | 0 | 7 | |a boj proti terorizmu |2 SNKPH |9 4297 |
| 650 | 0 | 7 | |a Security policy |2 SNKPHeng |9 268398 |
| 650 | 0 | 7 | |a Safety management |2 SNKPHeng |9 276238 |
| 650 | 0 | 7 | |a National security |2 SNKPHeng |9 310488 |
| 650 | 0 | 7 | |a Criminal investigation |2 SNKPHeng |9 275189 |
| 650 | 0 | 7 | |a Prevention of terrorism |2 SNKPHeng |9 350396 |
| 651 | 7 | |a Slovensko |2 SNKPHgeo |9 14231 | |
| 651 | 7 | |a krajiny Európskej únie |2 SNKPHgeo |9 31482 | |
| 651 | 7 | |a Slovakia |2 SNKPHeng |9 92630 | |
| 651 | 7 | |a European Union countries |2 SNKPHeng |9 276031 | |
| 655 | 7 | |a zborníky konferencií |2 SNKPH |9 70153 | |
| 655 | 7 | |a Proceedings of conferences |2 SNKPHeng |9 265791 | |
| 700 | 1 | |a Lošonczi, Peter, |d 1977- |4 edt |9 101594 | |
| 700 | 1 | |a Varga, Dávid, |d 1996- |4 edt |9 218688 | |
| 852 | |a Štátna vedecká knižnica v Banskej Bystrici | ||
| 919 | |a 978-80-8185-036-3 | ||
| 958 | |a NB | ||
| 958 | |a SP | ||
| 999 | |c 613334 |d 615264 | ||
| 952 | |a SNK |b SNK |y PREZ |7 0 |p 17A1466770 |o snkSC 194710 |i snk2021/15250 |8 0 |0 0 |1 0 |4 0 |d 2021-10-12 |f 1 |l 0 |r 2025-10-14 00:00:00 |w 2026-02-23 | ||


